000 00507cam a2200145 4500
082 _a955
_bFRA
_cD
100 1 _aFraser, David,
_949847
245 1 0 _aPersia and Turkey in revolt,
_cby David Fraser, with 120 illustrations and maps.
260 _aEdinburgh,
_aLondon,
_bW. Blackwood and sons,
_c1910.
300 _axii, 440 p.
_bfront.,plates, ports.,fold,map.
_c22 cm.
526 _a0
_b0
_c0
_d955_000000000000000_FRA
650 0 _aEastern question (Central Asia)
_95486
650 0 _aMCE
_9379
942 _2ddc
_cBK
999 _c552592
_d552592